000 00619nam a2200205Ia 4500
003 GCL
008 140319s9999 xx 000 0 eng d
040 _aGCL /
_cGCL
082 0 4 _a005.7565
_bS P
100 1 _aVERNICK, MICHAEL
245 1 0 _aPASCAL AND THE PARADOX ENGINE: FULL - POWERED WINDOWS APPLICATIONS: INCLUDE ONE FLOPPY DISK, 3.5 INCH /
_cVERNICK, MICHAEL
700 1 _aSTEGMAN, MICHAEL O.
700 1 _aSIGNORE, ROBERT
260 _a[S.N] :
_bMC GRAW - HILL ،
_c1994
300 _a322 P
650 0 4 _aTURBO PASCA (COMPUTER FILE)
650 0 4 _aPARADOX
650 0 4 _aWINDOWS PROGRAM
942 _2ddc
_cBK
999 _c21098
_d21098